书目信息 |
| 题名: |
建筑与都市
|
|
| 作者: | ;陈强 译 ;建筑与都市中文版编辑部 编 | |
| 分册: | 012(2006年12月) 木建筑专辑 | |
| 出版信息: | 宁波 宁波出版社 2007 |
|
| 页数: | 137页 | |
| 开本: | 30cm | |
| 丛书名: | ||
| 单 册: | ||
| 中图分类: | TU366.2-64 , TU206 | |
| 科图分类: | ||
| 主题词: | 木结构--建筑设计--世界--图集 , 建筑设计 , 建筑设计--世界--图集 , 木结构 | |
| 电子资源: | ||
| ISBN: | 7-80743-054-0 | |
| 000 | 01154nam0 2200301 450 | |
| 001 | 010700039129 | |
| 005 | 20070805171039.09 | |
| 010 | @a7-80743-054-0@dCNY98.00 | |
| 100 | @a20070526d2007 em y0chiy0110 ea | |
| 101 | 0 | @achi@aeng |
| 102 | @aCN@b330000 | |
| 105 | @aa z 000yy | |
| 200 | 1 | @a建筑与都市@9jian zhu yu du shi@e中文版@e[中英文本]@h012(2006年12月)@i木建筑专辑@f《建筑与都市》中文版编辑部编@g陈强[等]译 |
| 210 | @a宁波@c宁波出版社@d2007 | |
| 215 | @a137页@c图@d30cm | |
| 304 | @a译者还有:颜科,熊毅,朱成浩 | |
| 330 | @a《a+u》杂志是世界知名建筑专业杂志,致力于从专业的角度向建筑界人士介绍全世界范围内最新的优秀建筑家及其用品和建筑理念。《a+u》中文版为中英双语,双月出版。 | |
| 510 | 1 | @aArchitecture and urbanism@eChinese edition@h06: 12@iWooden architecture@zeng |
| 606 | 0 | @a木结构@x建筑设计@y世界@j图集 |
| 606 | 0 | @a建筑设计 |
| 606 | 0 | @a建筑设计@y世界@j图集 |
| 606 | 0 | @a木结构 |
| 690 | @aTU366.2-64@v4 | |
| 690 | @aTU206@v4 | |
| 702 | 0 | @a陈强@9chen qiang@4译 |
| 711 | 02 | @a建筑与都市中文版编辑部@9jian zhu yu du shi zhong wen ban bian ji bu@4编 |
| 801 | 0 | @aCN@bRENTIAN@c20070805 |
| 905 | @a10447@dTU206@e412 | |
| 建筑与都市:中文版:[中英文本].012(2006年12月).木建筑专辑/《建筑与都市》中文版编辑部编/陈强[等]译.-宁波:宁波出版社,2007 |
| 137页:图;30cm |
| ISBN 7-80743-054-0:CNY98.00 |
| 《a+u》杂志是世界知名建筑专业杂志,致力于从专业的角度向建筑界人士介绍全世界范围内最新的优秀建筑家及其用品和建筑理念。《a+u》中文版为中英双语,双月出版。 |
| ● |
| 相关链接 |
|
|
|
|
正题名:建筑与都市
索取号:TU206/412
 
预约/预借
| 序号 | 登录号 | 条形码 | 馆藏地/架位号 | 状态 | 备注 |
| 1 | 0808643 | 208086435 | 第二样本阅览室/ [索取号:TU206/412] | 在馆 | |
| 2 | 0808644 | 208086444 | 第三借阅区/ [索取号:TU206/412] | 在馆 | |
| 3 | 0808645 | 208086453 | 第三借阅区/ [索取号:TU206/412] | 在馆 | |
| 4 | 0808646 | 208086462 | 第三借阅区/ [索取号:TU206/412] | 在馆 | |
| 5 | 0808647 | 208086471 | 第三借阅区/ [索取号:TU206/412] | 在馆 |